| 000 | 01383nam a2200277Ia 4500 | ||
|---|---|---|---|
| 003 | OSt | ||
| 005 | 20221005110142.0 | ||
| 006 | a|||||r|||| 00| 0 | ||
| 007 | ta | ||
| 008 | 221004b |||||||| |||| 00| 0 snd d | ||
| 020 |
_a8172013493 (hbk) _c300 |
||
| 024 | _a92122 | ||
| 037 |
_b522, 19/03/2009, Vani Prakashan _cTextual |
||
| 040 |
_aCRL _cCRL _bsnd |
||
| 041 |
_2snd _asnd |
||
| 082 | _aO1593,3NH1w,1, 152N2 | ||
| 100 | _aहीरानन्दाणी, पोपटी रामचन्द्र | ||
| 245 | 0 | _aमेरे जीवन के सुनहले रूपहले पन्ने, अनु0 जीवितराम सेतपाल | |
| 246 | _aMere jīvan ke sunahale rūpahale panne, anu jīvitarām setapāla | ||
| 260 |
_aनई दिल्ली _bसाहित्य अकादेमी भारत _c1992 |
||
| 300 |
_a116पृ0 _ccm. |
||
| 490 | _aसाहित्य अकादेमी द्वारा पुरस्कृत सिन्धी आत्मकथा | ||
| 700 | _a सेतपाल, जीवितराम, अनु. | ||
| 942 |
_hO1593,3NH1w,1, 152N2 _cTEXL _2cc |
||
| 999 |
_c1017959 _d1017959 |
||